Careful - Paramore - Statistics

General Stats
  • This quiz has been taken 7 times
  • The average score is 208 of 254
Answer Stats
Hint Answer % Correct
a
100%
any
100%
anymore
100%
be
100%
can
100%
can't
100%
Chorus Can't
100%
careful
100%
closer
100%
Verse 1 I
100%
more
100%
to
100%
you
100%
Chorus | Pre-Chorus You
100%
come
86%
did
86%
do
86%
down
86%
for
86%
free
86%
got
86%
heal
86%
in
86%
is
86%
it
86%
just
86%
little
86%
me
86%
myself
86%
never
86%
out
86%
reach
86%
set
86%
settled
86%
tell
86%
that
86%
the
86%
Bridge The
86%
too
86%
truth
86%
up
86%
waiting
86%
when
86%
won't
86%
your
86%
all
71%
feel
71%
I'd
71%
I'll
71%
know
71%
known
71%
like
71%
make
71%
only
71%
place
71%
so
71%
this
71%
twisted
71%
what
71%
you've
71%
and
57%
as
57%
but
57%
eyes
57%
frown
57%
ignore
57%
it's
57%
look
57%
off
57%
Verse 2 Open
57%
overgrown
57%
real
57%
resist
57%
smile
57%
throw
57%
uncharted
57%
wanted
57%
was
57%
way
57%
well
57%
will
57%
world
57%
would've
57%
'cause
43%
disguised
43%
had
43%
hope
43%
how
43%
hurts
43%
life
43%
long
43%
mine
43%
not
43%
opened
43%
pain
43%
remembering
43%
shifting
43%
shut
43%
weight
43%
Pre-Chorus You'd
43%
felt
29%
on;y
14%
No matching quizzes found
Score Distribution
Percent of People with Each Score
Percentile by Number Answered
Your Score History
You have not taken this quiz